[Event "Krapina op 12th"]
[Site "Krapina"]
[Date "2024.01.21"]
[Round "6"]
[White "Tomljanovic, Ivano"]
[Black "Zajdela, Karel"]
[Result "1-0"]
[WhiteElo "1966"]
[BlackElo "1782"]
[PlyCount "77"]
[EventDate "2024.01.19"]
[EventType "swiss"]
[EventRounds "7"]
[EventCountry "CRO"]
[SourceTitle "CB06_2024"]
[SourceDate "2024.02.07"]
[SourceVersion "1"]
[SourceVersionDate "2024.02.07"]
[SourceQuality "1"]

1. d4 Nf6 2. c4 c6 3. Nc3 d5 4. Nf3 Bf5 5. Qb3 Qb6 6. c5 Qxb3 7. axb3 a6 8. b4 Ne4 9. e3 Nxc3 10. bxc3 f6 11. Be2 g5 12. Nd2 h5 13. Nb3 e6 14. Kd2 e5 15. Bb2 Bg7 16. Ra3 Kf7 17. Rha1 Bd7 18. Nc1 e4 19. Na2 f5 20. c4 Be6 21. b5 dxc4 22. bxa6 Rxa6 23. Nb4 Rxa3 24. Rxa3 Nd7 25. Ra7 Rb8 26. Bxh5+ Kg8 27. Bc3 g4 28. h3 Kh7 29. hxg4 fxg4 30. f3 gxf3 31. gxf3 Nf6 32. fxe4 Nxh5 33. d5 Bxc3+ 34. Kxc3 cxd5 35. exd5 Bf5 36. c6 Ng7 37. cxb7 Re8 38. Ra8 Rxe3+ 39. Kxc4 1-0

[Event "Krapina op 12th"]
[Site "Krapina"]
[Date "2024.01.20"]
[Round "4"]
[White "Zajdela, Karel"]
[Black "Csernyik, Mark"]
[Result "0-1"]
[WhiteElo "1782"]
[BlackElo "1991"]
[PlyCount "74"]
[EventDate "2024.01.19"]
[EventType "swiss"]
[EventRounds "7"]
[EventCountry "CRO"]
[SourceTitle "CB06_2024"]
[SourceDate "2024.02.07"]
[SourceVersion "1"]
[SourceVersionDate "2024.02.07"]
[SourceQuality "1"]

1. e4 c5 2. Nf3 d6 3. d4 cxd4 4. Nxd4 Nf6 5. Bd3 Nc6 6. Nxc6 bxc6 7. c4 g6 8. Nc3 Bg7 9. 0-0 0-0 10. Kh1 Nd7 11. Qc2 a5 12. b3 Ne5 13. Be3 Nxd3 14. Qxd3 Ba6 15. Rfd1 d5 16. Rac1 dxc4 17. Qc2 cxb3 18. axb3 Qb8 19. Na4 Qb5 20. Qxc6 Qxb3 21. Rb1 Qc4 22. Qxc4 Bxc4 23. Nb6 Ba2 24. Rbc1 Ra6 25. f4 Bb2 26. Rc7 a4 27. Nd7 Rfa8 28. Bc5 Bb3 29. Rb1 a3 30. Bxa3 Rxa3 31. h3 Ra1 32. Rxa1 Rxa1+ 33. Kh2 Bc1 34. Kg3 Be6 35. Ne5 Ra3+ 36. Nf3 Be3 37. e5 Bd5 0-1

[Event "SLO-ch 33rd"]
[Site "Radenci"]
[Date "2023.05.02"]
[Round "9"]
[White "Zajdela, Karel"]
[Black "Gricnik, Tine"]
[Result "0-1"]
[WhiteElo "1810"]
[BlackElo "1763"]
[PlyCount "66"]
[EventDate "2023.04.25"]
[EventType "team-match"]
[EventRounds "9"]
[EventCountry "SLO"]
[SourceTitle "CBM 214 Extra"]
[Source "ChessBase"]
[SourceDate "2023.07.31"]
[SourceVersion "1"]
[SourceVersionDate "2023.07.31"]
[SourceQuality "1"]

1. Nf3 Nf6 2. g3 d5 3. Bg2 c6 4. c4 e6 5. 0-0 Bd6 6. Qc2 Nbd7 7. b3 e5 8. d3 0-0 9. Bb2 Re8 10. Nbd2 e4 11. dxe4 dxe4 12. Ng5 e3 13. fxe3 Rxe3 14. Bd4 Rxe2 15. Qd3 Re8 16. Nde4 Nxe4 17. Nxe4 Be5 18. Rad1 Qe7 19. Be3 Nf6 20. Bc5 Qc7 21. Ng5 h6 22. Nf3 Bg4 23. Rde1 Bxf3 24. Qxf3 Bd6 25. Bd4 Rxe1 26. Rxe1 Qa5 27. Qf2 Ng4 28. Qe2 Bc5 29. Bxc5 Qxc5+ 30. Kh1 Nf2+ 31. Kg1 Nd3+ 32. Qe3 Re8 33. Qxc5 Rxe1+ 0-1

[Event "SLO-ch 33rd"]
[Site "Radenci"]
[Date "2023.04.28"]
[Round "5"]
[White "Zajdela, Karel"]
[Black "Zalig, Christian"]
[Result "1/2-1/2"]
[WhiteElo "1810"]
[BlackElo "1978"]
[PlyCount "94"]
[EventDate "2023.04.25"]
[EventType "team-match"]
[EventRounds "9"]
[EventCountry "SLO"]
[SourceTitle "CBM 214 Extra"]
[Source "ChessBase"]
[SourceDate "2023.07.31"]
[SourceVersion "1"]
[SourceVersionDate "2023.07.31"]
[SourceQuality "1"]

1. d4 d5 2. c4 e6 3. Nc3 Nf6 4. Nf3 Be7 5. Qc2 0-0 6. e3 c6 7. a3 Nbd7 8. Bd2 Qc7 9. Rc1 a6 10. c5 e5 11. dxe5 Nxe5 12. b4 Nxf3+ 13. gxf3 Qe5 14. Ne2 Bf5 15. Bc3 Bxc2 16. Bxe5 Bg6 17. Nf4 Bf5 18. Rg1 g6 19. Kd2 Nd7 20. Bd4 Bf6 21. Ne2 a5 22. Bxf6 Nxf6 23. Nd4 Bd7 24. b5 cxb5 25. Bxb5 Bxb5 26. Nxb5 Rfc8 27. Nd4 Nd7 28. c6 bxc6 29. Rxc6 Ne5 30. Rc3 Nc4+ 31. Ke2 Rab8 32. Rgc1 Rb2+ 33. R1c2 Rcb8 34. Rxb2 Rxb2+ 35. Rc2 Rb1 36. e4 Nb6 37. Rc5 dxe4 38. fxe4 a4 39. Rb5 Rxb5 40. Nxb5 Kf8 41. Kd3 Ke7 42. Kd4 Ke6 43. Nc7+ Kd6 44. Nb5+ Ke6 45. Nc7+ Kd6 46. Nb5+ Ke6 47. Nc7+ Kd6 1/2-1/2

[Event "SLO-ch 33rd"]
[Site "Radenci"]
[Date "2023.04.26"]
[Round "2"]
[White "Radej, Pika"]
[Black "Zajdela, Karel"]
[Result "1/2-1/2"]
[WhiteElo "1494"]
[BlackElo "1810"]
[PlyCount "106"]
[EventDate "2023.04.25"]
[EventType "team-match"]
[EventRounds "9"]
[EventCountry "SLO"]
[SourceTitle "CBM 214 Extra"]
[Source "ChessBase"]
[SourceDate "2023.07.31"]
[SourceVersion "1"]
[SourceVersionDate "2023.07.31"]
[SourceQuality "1"]

1. d4 Nf6 2. c4 e6 3. Nc3 d5 4. cxd5 exd5 5. Bg5 Be7 6. e3 0-0 7. Bd3 c6 8. Qc2 g6 9. Nge2 Kg7 10. h3 Nh5 11. Bxe7 Qxe7 12. g4 Nf6 13. 0-0-0 b5 14. Kb1 Na6 15. Rdg1 Nb4 16. Qd2 Nxd3 17. Qxd3 b4 18. Na4 Qe4 19. Nf4 Qxd3+ 20. Nxd3 a5 21. Nb6 Ra6 22. Nxc8 Rxc8 23. Rc1 Ne4 24. Nc5 Nxc5 25. Rxc5 Kf6 26. Kc2 a4 27. Kd3 Ke6 28. Rhc1 Kd6 29. f3 f6 30. e4 dxe4+ 31. fxe4 h6 32. R1c4 b3 33. a3 Re8 34. Rb4 Rea8 35. Rbc4 Re8 36. Rc1 Re7 37. R1c4 Re8 38. Rc1 Re7 39. Rf1 Re6 40. h4 Ra8 41. Rf2 Rae8 42. Re2 Ra8 43. Re1 Re7 44. Rec1 Ra6 45. R1c4 Re8 46. Rc1 Re7 47. Ke3 Re8 48. Kf3 Re7 49. R1c4 Re8 50. Rc1 Re7 51. R1c4 Re8 52. Rc1 Re7 53. R1c4 Re8 1/2-1/2

[Event "SLO-chT2 Ost"]
[Site "Slovenia"]
[Date "2021.10.16"]
[Round "8.2"]
[White "Skobe, Miran"]
[Black "Zajdela, Karel"]
[Result "1/2-1/2"]
[WhiteElo "1821"]
[BlackElo "1833"]
[PlyCount "140"]
[EventDate "2021.09.11"]
[EventType "team-tourn"]
[EventRounds "9"]
[EventCountry "SLO"]
[SourceTitle "EXT 2024"]
[Source "ChessBase"]
[SourceDate "2023.10.10"]
[SourceVersion "1"]
[SourceVersionDate "2023.10.10"]
[SourceQuality "1"]
[WhiteTeam "Trbovlje Rudar"]
[BlackTeam "Ptuj SD II"]
[WhiteTeamCountry "SLO"]
[BlackTeamCountry "SLO"]

1. d4 Nf6 2. c3 b6 3. Bg5 Bb7 4. Nf3 d6 5. e3 Nbd7 6. Bc4 e6 7. 0-0 Be7 8. h3 0-0 9. Nbd2 Ne4 10. Nxe4 Bxe4 11. Bxe7 Qxe7 12. Nd2 Bg6 13. Qe2 d5 14. Bb3 c5 15. c4 b5 16. cxd5 c4 17. dxe6 Bd3 18. Qd1 Bxf1 19. Qxf1 fxe6 20. Bd1 e5 21. a3 exd4 22. exd4 Rf4 23. Nf3 Qe4 24. a4 a6 25. Rc1 Nb6 26. Bc2 Qe7 27. Re1 Qb4 28. Qe2 Qd6 29. a5 Nd7 30. g3 Rff8 31. Ng5 Nf6 32. Qe5 Qxe5 33. dxe5 Rfe8 34. f4 h6 35. Nf3 Nd7 36. Nd4 Nc5 37. Re2 b4 38. Bg6 Re7 39. Nf5 Re6 40. Nh4 Nd3 41. Bf5 Ree8 42. Be4 Rad8 43. Nf5 Nc5 44. Bf3 Kf8 45. Kf2 c3 46. bxc3 bxc3 47. Rc2 Rd2+ 48. Rxd2 cxd2 49. Ke3 Nb3 50. Nd6 Rd8 51. Be2 g6 52. g4 Ke7 53. f5 gxf5 54. gxf5 Rxd6 55. exd6+ Kxd6 56. Bd1 Nxa5 57. Kxd2 Ke5 58. Be2 Nb3+ 59. Kc3 Nc5 60. Kb4 Ne4 61. Bxa6 Kxf5 62. Kc4 Nf2 63. Kd4 Kf4 64. Bc8 h5 65. Bd7 h4 66. Bc8 Kg3 67. Ke3 Nd1+ 68. Ke2 Nc3+ 69. Kf1 Nd5 70. Kg1 Nf4 1/2-1/2

[Event "Portoroz Nat Festival 30th"]
[Site "Portoroz"]
[Date "2020.09.05"]
[Round "3"]
[White "Rozman, Monika"]
[Black "Zajdela, Karel"]
[Result "1-0"]
[WhiteElo "2162"]
[BlackElo "1849"]
[PlyCount "53"]
[EventDate "2020.09.03"]
[EventType "swiss"]
[EventRounds "9"]
[EventCountry "SLO"]
[SourceTitle "CBM 198 Extra"]
[Source "ChessBase"]
[SourceDate "2020.11.30"]
[SourceVersion "1"]
[SourceVersionDate "2020.11.30"]
[SourceQuality "1"]

1. e4 c5 2. Nf3 Nc6 3. d4 cxd4 4. Nxd4 Nf6 5. Nc3 g6 6. Be3 Bg7 7. Bc4 Qa5 8. 0-0 0-0 9. Bb3 d6 10. h3 Qh5 11. Nd5 Qxd1 12. Raxd1 Nxd5 13. exd5 Nxd4 14. Bxd4 Bxd4 15. Rxd4 Bd7 16. Re1 Rfe8 17. Rc4 e5 18. Rc7 Bc8 19. f4 e4 20. Ba4 Rf8 21. Rxe4 Kg7 22. Ree7 Kf6 23. Kf2 Rb8 24. Be8 Be6 25. dxe6 Rbxe8 26. Rxe8 Rxe8 27. exf7 1-0

[Event "Portoroz Nat Festival 30th"]
[Site "Portoroz"]
[Date "2020.09.04"]
[Round "2"]
[White "Zajdela, Karel"]
[Black "Vidic, Marjan"]
[Result "1-0"]
[WhiteElo "1849"]
[BlackElo "1553"]
[PlyCount "63"]
[EventDate "2020.09.03"]
[EventType "swiss"]
[EventRounds "9"]
[EventCountry "SLO"]
[SourceTitle "CBM 198 Extra"]
[Source "ChessBase"]
[SourceDate "2020.11.30"]
[SourceVersion "1"]
[SourceVersionDate "2020.11.30"]
[SourceQuality "1"]

1. e4 c5 2. Nf3 Nc6 3. d4 cxd4 4. Nxd4 a6 5. c4 Nf6 6. Nxc6 bxc6 7. Nc3 d6 8. Be2 g6 9. 0-0 Bg7 10. Kh1 0-0 11. f4 e6 12. Qb3 Qc7 13. Be3 Rd8 14. Rad1 Bb7 15. Na4 c5 16. Nc3 d5 17. exd5 exd5 18. cxd5 Nxd5 19. Nxd5 Bxd5 20. Qc2 Qb7 21. Rxd5 Qxd5 22. Bf3 Qxa2 23. Bxa8 Rxa8 24. Qxc5 Qxb2 25. Qc6 Qb8 26. Bb6 a5 27. f5 Ra6 28. fxg6 Rxb6 29. gxf7+ Kh8 30. Qe4 Bf8 31. Qd4+ Bg7 32. f8Q+ 1-0

[Event "Krapina op 10th"]
[Site "Krapina"]
[Date "2020.01.18"]
[Round "4"]
[White "Popov, Luka"]
[Black "Zajdela, Karel"]
[Result "0-1"]
[WhiteElo "1600"]
[BlackElo "1856"]
[PlyCount "46"]
[EventDate "2020.01.16"]
[EventType "swiss"]
[EventRounds "7"]
[EventCountry "CRO"]
[SourceTitle "CBM 194 Extra"]
[Source "ChessBase"]
[SourceDate "2020.03.31"]
[SourceVersion "1"]
[SourceVersionDate "2020.03.31"]
[SourceQuality "1"]

1. d4 Nf6 2. Nc3 d5 3. Bf4 Nh5 4. e3 Nxf4 5. exf4 Qd6 6. Qf3 c6 7. a3 g6 8. g4 Bg7 9. 0-0-0 b5 10. Bg2 a5 11. Nge2 b4 12. Na4 Nd7 13. h4 Ba6 14. Qe3 bxa3 15. bxa3 Bxe2 16. Qxe2 Qxa3+ 17. Nb2 Qa1+ 18. Kd2 Qxb2 19. Rhe1 Qxd4+ 20. Kc1 Qxf4+ 21. Rd2 e6 22. f3 Qa4 23. c3 Bxc3 0-1

[Event "Krapina op 10th"]
[Site "Krapina"]
[Date "2020.01.18"]
[Round "5"]
[White "Zajdela, Karel"]
[Black "Veverec, Ivo"]
[Result "0-1"]
[WhiteElo "1856"]
[BlackElo "1768"]
[PlyCount "60"]
[EventDate "2020.01.16"]
[EventType "swiss"]
[EventRounds "7"]
[EventCountry "CRO"]
[SourceTitle "CBM 194 Extra"]
[Source "ChessBase"]
[SourceDate "2020.03.31"]
[SourceVersion "1"]
[SourceVersionDate "2020.03.31"]
[SourceQuality "1"]

1. e4 c5 2. Nf3 d6 3. d4 cxd4 4. Nxd4 Nf6 5. Bd3 g6 6. c4 Bg7 7. Nc3 Bd7 8. 0-0 Nc6 9. Nxc6 Bxc6 10. Be3 0-0 11. Rc1 a6 12. b4 Qb8 13. Nd5 Nxd5 14. exd5 Bd7 15. c5 Rc8 16. Qe2 e6 17. Bf4 Bf8 18. c6 bxc6 19. dxe6 Bxe6 20. Bxa6 Re8 21. a3 Qb6 22. b5 cxb5 23. Bxb5 Bd7 24. Qd2 Qxb5 25. Bxd6 Bxd6 26. Qxd6 Bf5 27. Rc5 Qb2 28. Qc6 Qxa3 29. Rc3 Qa6 30. Qf3 Qxf1+ 0-1

[Event "SLO-ch 29th"]
[Site "Radenci"]
[Date "2019.05.03"]
[Round "8"]
[White "Novak, Simona"]
[Black "Zajdela, Karel"]
[Result "0-1"]
[WhiteElo "1663"]
[BlackElo "1834"]
[PlyCount "33"]
[EventDate "2019.04.27"]
[EventType "swiss"]
[EventRounds "9"]
[EventCountry "SLO"]
[SourceTitle "CBM 190 Extra"]
[Source "ChessBase"]
[SourceDate "2019.07.15"]
[SourceVersion "1"]
[SourceVersionDate "2019.07.15"]
[SourceQuality "1"]

1. e4 c5 2. Nf3 Nc6 3. d4 cxd4 4. Nxd4 Nf6 5. Nc3 g6 6. f3 Bg7 7. Be3 0-0 8. Qd2 d5 9. 0-0-0 Nxd4 10. Bh6 Ne6 11. Bxg7 Nxg7 12. e5 Nfe8 13. Nxd5 Be6 14. Nf6+ Nxf6 15. Qh6 Qa5 16. exf6 exf6 17. a3 0-1

[Event "SLO-ch 29th"]
[Site "Radenci"]
[Date "2019.05.02"]
[Round "7"]
[White "Zajdela, Karel"]
[Black "Grah, Matej"]
[Result "0-1"]
[WhiteElo "1834"]
[BlackElo "1940"]
[PlyCount "68"]
[EventDate "2019.04.27"]
[EventType "swiss"]
[EventRounds "9"]
[EventCountry "SLO"]
[SourceTitle "CBM 190 Extra"]
[Source "ChessBase"]
[SourceDate "2019.07.15"]
[SourceVersion "1"]
[SourceVersionDate "2019.07.15"]
[SourceQuality "1"]

1. Nf3 d6 2. c4 Nf6 3. g3 g6 4. Qc2 Bg7 5. b3 Bf5 6. d3 c5 7. Bb2 Nc6 8. a3 0-0 9. Bg2 Qc8 10. h3 a6 11. Nbd2 b5 12. Ne4 Rb8 13. Nxf6+ exf6 14. Nd2 bxc4 15. bxc4 Re8 16. g4 Rxb2 17. Qxb2 Bxd3 18. e4 f5 19. Qb3 Bxe4 20. Nxe4 Bxa1 21. 0-0 fxe4 22. Rxa1 Nd4 23. Qb6 Re6 24. Rb1 Ne2+ 25. Kf1 Nf4 26. Qb8 Qxb8 27. Rxb8+ Kg7 28. Ra8 d5 29. cxd5 Nxd5 30. Rc8 Nf4 31. Rxc5 Rd6 32. Rc1 f5 33. Re1 Rd3 34. Re3 Rd1+ 0-1

[Event "SLO-ch 29th"]
[Site "Radenci"]
[Date "2019.05.01"]
[Round "6"]
[White "Vaupot, Eliza"]
[Black "Zajdela, Karel"]
[Result "0-1"]
[WhiteElo "1199"]
[BlackElo "1834"]
[PlyCount "78"]
[EventDate "2019.04.27"]
[EventType "swiss"]
[EventRounds "9"]
[EventCountry "SLO"]
[SourceTitle "CBM 190 Extra"]
[Source "ChessBase"]
[SourceDate "2019.07.15"]
[SourceVersion "1"]
[SourceVersionDate "2019.07.15"]
[SourceQuality "1"]

1. e4 c5 2. Nc3 d6 3. f4 a6 4. a4 Nc6 5. Nf3 Bg4 6. g3 g6 7. Bg2 Bg7 8. 0-0 Nf6 9. h3 Bxf3 10. Bxf3 Nd4 11. d3 Qc7 12. Be3 Rc8 13. b3 h5 14. Ra2 Nc6 15. Ne2 Qd7 16. Kg2 Nb4 17. Ra3 Qc7 18. c4 Nd7 19. a5 Bb2 20. Ra4 b5 21. axb6 Nxb6 22. Rxb4 cxb4 23. Qd2 Bg7 24. Qxb4 Nd7 25. Qa3 0-0 26. Rb1 a5 27. Bd2 Ra8 28. e5 Ra7 29. Be3 Nc5 30. Ra1 Rb8 31. Nd4 Ra6 32. Nb5 Qc8 33. d4 Nb7 34. Ra2 Bf8 35. g4 dxe5 36. gxh5 exd4 37. Bxd4 e5 38. Qa4 exd4 39. Nxd4 Nc5 0-1

[Event "SLO-ch 29th"]
[Site "Radenci"]
[Date "2019.04.27"]
[Round "1"]
[White "Markoja, Boris"]
[Black "Zajdela, Karel"]
[Result "1-0"]
[WhiteElo "2440"]
[BlackElo "1834"]
[PlyCount "81"]
[EventDate "2019.04.27"]
[EventType "swiss"]
[EventRounds "9"]
[EventCountry "SLO"]
[SourceTitle "CBM 190 Extra"]
[Source "ChessBase"]
[SourceDate "2019.07.15"]
[SourceVersion "1"]
[SourceVersionDate "2019.07.15"]
[SourceQuality "1"]

1. d4 Nf6 2. c4 e6 3. g3 Bb4+ 4. Bd2 Qe7 5. Nf3 Ne4 6. Bg2 0-0 7. 0-0 Nxd2 8. Nfxd2 c6 9. Qc2 d5 10. a3 Ba5 11. Nc3 f5 12. Rac1 Nd7 13. e3 Nf6 14. b4 Bb6 15. Na4 Bd8 16. Nf3 Bd7 17. Nc5 Bc8 18. Ne5 Bc7 19. Ncd3 Ne4 20. cxd5 Bxe5 21. Nxe5 exd5 22. Rfd1 Be6 23. Qb3 g5 24. Nd3 Rf6 25. b5 c5 26. Nxc5 f4 27. Bxe4 fxg3 28. Bxd5 gxh2+ 29. Kh1 Bf7 30. Bxf7+ Rxf7 31. Qd5 Rd8 32. Qg2 Rdf8 33. Nd3 h6 34. Rc5 Qf6 35. Ne5 Re7 36. f3 Kh7 37. Rdc1 Qd6 38. Qc2+ Kg7 39. Rc7 Rfe8 40. Rxe7+ Rxe7 41. Qf5 1-0

[Event "Krapina op 9th"]
[Site "Krapina"]
[Date "2019.01.18"]
[Round "3"]
[White "Zajdela, Karel"]
[Black "Spoljar, Krunoslav"]
[Result "1/2-1/2"]
[WhiteElo "1914"]
[BlackElo "1740"]
[PlyCount "92"]
[EventDate "2019.01.17"]
[EventType "swiss"]
[EventRounds "7"]
[EventCountry "CRO"]
[SourceTitle "CBM 188 Extra"]
[Source "ChessBase"]
[SourceDate "2019.02.26"]
[SourceVersion "1"]
[SourceVersionDate "2019.02.26"]
[SourceQuality "1"]

1. e4 e6 2. Nf3 d5 3. e5 c5 4. b4 cxb4 5. a3 Nc6 6. axb4 Bxb4 7. c3 Bc5 8. d4 Bb6 9. Bd3 Nge7 10. 0-0 Ng6 11. Ba3 Nh4 12. Nxh4 Qxh4 13. Nd2 Bd8 14. Nf3 Qh5 15. Qc2 Be7 16. Bc1 0-0 17. Nd2 f5 18. f4 Bd7 19. Rf3 Rac8 20. Qb1 b6 21. Nf1 Na5 22. Be2 Rc7 23. Ra2 Rfc8 24. Bd2 Qe8 25. Be1 Ba4 26. Rh3 Bb3 27. Rb2 Bc4 28. Bd1 Bxf1 29. Kxf1 Nc4 30. Ra2 a5 31. g4 Na3 32. Qxb6 Qb5+ 33. Qxb5 Nxb5 34. gxf5 exf5 35. Rxa5 Nxc3 36. Bxc3 Rxc3 37. Rxc3 Rxc3 38. Rxd5 Kf7 39. Rb5 Ke8 40. Ke2 Rh3 41. d5 g5 42. d6 Bd8 43. fxg5 Bxg5 44. Rb8+ Kd7 45. Ba4+ Ke6 46. Re8+ Kd5 1/2-1/2

[Event "Krapina op 9th"]
[Site "Krapina"]
[Date "2019.01.17"]
[Round "1"]
[White "Lupinski, Valentin"]
[Black "Zajdela, Karel"]
[Result "0-1"]
[WhiteElo "1619"]
[BlackElo "1914"]
[PlyCount "122"]
[EventDate "2019.01.17"]
[EventType "swiss"]
[EventRounds "7"]
[EventCountry "CRO"]
[SourceTitle "CBM 188 Extra"]
[Source "ChessBase"]
[SourceDate "2019.02.26"]
[SourceVersion "1"]
[SourceVersionDate "2019.02.26"]
[SourceQuality "1"]

1. d4 Nf6 2. c4 e6 3. Nc3 Bb4 4. Bd2 0-0 5. Nf3 b6 6. e3 Bb7 7. Be2 Re8 8. 0-0 Be7 9. Qc2 d5 10. Ne5 Ne4 11. Nxe4 dxe4 12. h3 Nd7 13. Nxd7 Qxd7 14. f3 f5 15. fxe4 Bxe4 16. Bd3 Bb7 17. Be2 Bf6 18. Bf3 Bxf3 19. Rxf3 Rad8 20. Bc3 a5 21. Rff1 Re7 22. Rad1 Qc6 23. Qe2 Bg5 24. a3 Qe4 25. Rde1 Qc6 26. Rd1 Rf7 27. b3 Qe4 28. Rde1 Rdf8 29. g3 Bh6 30. Bb2 g6 31. Kh2 Bg7 32. Rf4 Qc6 33. Ref1 Qd6 34. Qg2 h5 35. R4f3 g5 36. Kh1 g4 37. hxg4 hxg4 38. R3f2 Bf6 39. Qg1 Rh7+ 40. Rh2 Rxh2+ 41. Qxh2 Kg7 42. Kg1 Rh8 43. Qf2 Rh3 44. Kg2 Bh4 45. d5+ Kg6 46. Qf4 Rxg3+ 47. Kh1 Qxf4 48. exf4 Rxb3 49. Be5 exd5 50. cxd5 Bd8 51. Rc1 Rxa3 52. Bxc7 Bxc7 53. Rxc7 Rd3 54. Rc6+ Kf7 55. d6 Ke6 56. d7+ Kxd7 57. Rxb6 a4 58. Ra6 Rd4 59. Ra7+ Ke6 60. Ra6+ Kd5 61. Ra5+ Ke4 0-1

[Event "Hum na Sutli op 12th"]
[Site "Hum na Sutli"]
[Date "2018.08.30"]
[Round "8"]
[White "Vukic, Aleksandar"]
[Black "Zajdela, Karel"]
[Result "1-0"]
[WhiteElo "2064"]
[BlackElo "1943"]
[PlyCount "125"]
[EventDate "2018.08.25"]
[EventType "swiss"]
[EventRounds "9"]
[EventCountry "CRO"]
[SourceTitle "CBM 186 Extra"]
[Source "ChessBase"]
[SourceDate "2018.08.24"]
[SourceVersion "1"]
[SourceVersionDate "2018.08.24"]
[SourceQuality "1"]

1. d4 Nf6 2. c4 e6 3. Nc3 Bb4 4. e3 0-0 5. Nge2 b6 6. a3 Be7 7. Ng3 d5 8. cxd5 exd5 9. Bd3 Re8 10. Bd2 Nbd7 11. Nf5 Bf8 12. Qf3 c6 13. Rc1 g6 14. Ng3 Bg7 15. 0-0 Nf8 16. h3 Ne6 17. Na4 Bd7 18. Qd1 Ng5 19. b4 Nge4 20. Nxe4 Nxe4 21. Be1 Bh6 22. Nc3 f5 23. Qb3 Kh8 24. b5 Rc8 25. bxc6 Bxc6 26. Nb5 Qd7 27. Rb1 a6 28. Nc3 b5 29. Na2 Ba8 30. Bb4 f4 31. exf4 Bxf4 32. Rb2 Ng5 33. Be2 Rc4 34. Bg4 Qf7 35. h4 Ne4 36. Qf3 Qc7 37. g3 Bd6 38. Re1 Rf8 39. Qe3 Bxb4 40. Nxb4 Qd6 41. Na2 Qf6 42. Rd1 Bb7 43. Bh3 Rc7 44. Nb4 Nd6 45. Qe5 Nc4 46. Qxc7 Nxb2 47. Rd2 Nc4 48. Re2 Qxd4 49. Qxb7 Qd1+ 50. Bf1 Nd2 51. Rxd2 Qxd2 52. Qb6 d4 53. Nd3 Qc3 54. Qxa6 Rf5 55. Qd6 Qa1 56. Nf4 Qb2 57. Bd3 Qc1+ 58. Kg2 Qc5 59. Qb8+ Rf8 60. Qxb5 Qd6 61. Qb4 Qf6 62. a4 Qe5 63. Qxf8# 1-0

[Event "Ptuj op"]
[Site "Ptuj"]
[Date "2018.08.12"]
[Round "6"]
[White "Zajdela, Karel"]
[Black "Zajdela, Domen"]
[Result "1-0"]
[WhiteElo "1943"]
[BlackElo "1545"]
[PlyCount "91"]
[EventDate "2018.08.07"]
[EventType "swiss"]
[EventRounds "9"]
[EventCountry "SLO"]
[SourceTitle "CBM 186 Extra"]
[Source "ChessBase"]
[SourceDate "2018.08.24"]
[SourceVersion "1"]
[SourceVersionDate "2018.08.24"]
[SourceQuality "1"]

1. e4 e6 2. d4 d5 3. Nd2 c5 4. c3 Nc6 5. Ngf3 dxe4 6. Nxe4 cxd4 7. cxd4 Bb4+ 8. Bd2 Nge7 9. Be2 0-0 10. 0-0 a5 11. Bf4 Nd5 12. Bg3 Nf6 13. Nc3 Nd5 14. Rc1 Na7 15. h3 f6 16. Qb3 Re8 17. a3 Bf8 18. Bc4 Nb6 19. Bd3 Bd7 20. Qc2 h6 21. Bg6 Re7 22. Bd6 f5 23. Ne5 Bb5 24. Nxb5 Nxb5 25. Bxe7 Qxe7 26. Qc5 Qxc5 27. dxc5 Nd5 28. Bf7+ Kh8 29. Bxe6 Nf4 30. Bc4 Nd4 31. Kh2 Bxc5 32. g3 Nh5 33. Bd5 Re8 34. Nf7+ Kh7 35. Rxc5 Nf6 36. Bg2 Re2 37. Rxa5 Rxb2 38. Nd6 b6 39. Ra4 Rd2 40. Nc4 Ra2 41. Nxb6 Nc2 42. Nc4 g5 43. Ra6 Kg6 44. Ne5+ Kh5 45. Rxf6 g4 46. hxg4+ 1-0

[Event "Ptuj op"]
[Site "Ptuj"]
[Date "2018.08.10"]
[Round "4"]
[White "Zajdela, Karel"]
[Black "Zagorsek, David"]
[Result "0-1"]
[WhiteElo "1943"]
[BlackElo "2106"]
[PlyCount "98"]
[EventDate "2018.08.07"]
[EventType "swiss"]
[EventRounds "9"]
[EventCountry "SLO"]
[SourceTitle "CBM 186 Extra"]
[Source "ChessBase"]
[SourceDate "2018.08.24"]
[SourceVersion "1"]
[SourceVersionDate "2018.08.24"]
[SourceQuality "1"]

1. e4 c5 2. Nf3 Nc6 3. d4 cxd4 4. Nxd4 e5 5. Nxc6 bxc6 6. c4 Nf6 7. Nc3 Bb4 8. Bg5 Bxc3+ 9. bxc3 Qa5 10. Qc2 Nxe4 11. Be3 d5 12. Bd3 Nf6 13. 0-0 0-0 14. f3 dxc4 15. Bxc4 Ba6 16. Bxa6 Qxa6 17. Bg5 Nd5 18. c4 Qb6+ 19. c5 Qc7 20. Rfe1 f6 21. Bd2 Rab8 22. a4 Rb7 23. Rab1 Rfb8 24. h4 Qe7 25. g3 Rxb1 26. Rxb1 Rxb1+ 27. Qxb1 Qxc5+ 28. Kg2 Qd4 29. Qc2 c5 30. a5 c4 31. Kh3 c3 32. Bc1 Qc4 33. Qf5 Qc6 34. h5 a6 35. Qc2 Qc8+ 36. g4 Qc4 37. Qf5 Qc6 38. Qc2 Nf4+ 39. Kh4 Qxf3 40. Qb3+ Qd5 41. Qb8+ Kf7 42. Qc7+ Ke8 43. Qc8+ Qd8 44. Qxa6 g5+ 45. hxg6 Nxg6+ 46. Kh5 Qd5 47. Kh6 Kf7 48. Qa7+ Ne7 49. Qg1 Qd3 0-1

[Event "SLO-chT2 East"]
[Site "Slovenia"]
[Date "2017.12.09"]
[Round "9"]
[White "Spelec, Darko"]
[Black "Zajdela, Karel"]
[Result "1-0"]
[WhiteElo "1973"]
[BlackElo "1937"]
[PlyCount "113"]
[EventDate "2017.09.30"]
[EventType "team-tourn"]
[EventRounds "9"]
[EventCountry "SLO"]
[SourceTitle "EXT 2019"]
[Source "ChessBase"]
[SourceDate "2018.10.10"]
[SourceVersion "1"]
[SourceVersionDate "2018.10.10"]
[SourceQuality "1"]

1. d4 Nf6 2. c4 d6 3. Nc3 g6 4. e4 Bg7 5. Be2 0-0 6. h4 h5 7. f3 e5 8. d5 Nh7 9. Be3 f5 10. Qd2 f4 11. Bf2 Rf7 12. 0-0-0 Qf8 13. Kb1 Bh6 14. Qc2 a6 15. Be1 b6 16. Bd2 c5 17. Qc1 Bg7 18. Nh3 Raa7 19. Rdg1 Rf6 20. Nf2 Qe8 21. g3 fxg3 22. Rxg3 Raf7 23. Rhg1 Rb7 24. R1g2 Nd7 25. Qg1 Ndf8 26. Nd3 b5 27. f4 bxc4 28. fxe5 cxd3 29. exf6 Nxf6 30. Bxd3 Ng4 31. Bxa6 Rb8 32. Bxc8 Qxc8 33. Qc1 Ne5 34. Bh6 Qc7 35. Bxg7 Qxg7 36. Qg5 Qf7 37. Qc1 Kh7 38. Ne2 Rb4 39. Qf4 Qe7 40. Nc3 c4 41. Rf2 Nfd7 42. Qg5 Qg7 43. Qd8 Nd3 44. Rfg2 N3e5 45. Qc7 Rb8 46. Qxd6 Rb6 47. Qc7 Rf6 48. a3 Rf1+ 49. Ka2 Rf7 50. Qd8 Nc5 51. Qg5 Ncd3 52. d6 Rf1 53. Qxh5+ Kg8 54. a4 Nf4 55. Qg5 Nxg2 56. Rxg2 Nc6 57. Qd5+ 1-0